LEADER 01877nam1 2200409 450 001 990003496520203316 005 20110215105640.0 035 $a000349652 035 $aUSA01000349652 035 $a(ALEPH)000349652USA01 035 $a000349652 100 $a20110215d--------km-y0itay50------ba 101 $aita 102 $aIT 105 $a||||||||001yy 200 1 $aMedicina interna$emanuale pratico per medici e studenti$fredatto con la collaborazione dei professori Giovanni Battista Allaria...[et al.]$gcon la direzione del prof. Angelo Ceconi 210 $aTorino$cMinerva medica 215 $av.$d24 cm 463 \1$1001990003496550203316$12001 $a<> Malattie degli organi del respiro e degli organi orinari 463 \1$1001990003496570203316$12001 $a<> Malattie degli organi del circolo, degli organi digerenti, del peritoneo, del fegato, delle vie biliari, del pancreas 463 \1$1001990003496610203316$12001 $a<> Malattie reumatiche, del ricambio, del sangue, da agenti fisici, da infortunio, da lavoro 463 \1$1001990003496620203316$12001 $a<> Malattie del sistema nervoso, gli avvelenamenti piu comuni 463 \1$1001990003496640203316$12001 $a<> Malattie acute da infezione, patologia del sistema nervoso vegetativo e degli organi endocrini, stati allergici, diatesi e anomalie costituzionali, la costituzione individuale 606 0 $aMedicina interna$2BNCF 676 $a616 700 1$aCECONI,$bAngelo$0516410 702 1$aALLARIA,$bGiovanni Battista 801 0$aIT$bsalbc$gISBD 912 $a990003496520203316 951 $aFDC 144/$cFDC 959 $aBK 969 $aMED 979 $aMANCUSO$b90$c20110215$lUSA01$h1051 979 $aMANCUSO$b90$c20110215$lUSA01$h1054 979 $aMANCUSO$b90$c20110215$lUSA01$h1056 996 $aMedicina interna$91111315 997 $aUNISA LEADER 01301nam2 22003613i 450 001 CFI0165205 005 20251003044127.0 010 $a8834802144 020 $aIT$b91-7250 100 $a20191212d1989 ||||0itac50 ba 101 | $aita 102 $ait 181 1$6z01$ai $bxxxe 182 1$6z01$an 183 1$6z01$anc$2RDAcarrier 200 1 $a1$eStudi 1965-1981$fAmedeo G. Conte 205 $a\Ed. anast.! 210 $aTorino$cG. Giappichelli$d1989$hstampa 1990 215 $aXIX, 264 p.$d21 cm 300 $aRipr. facs. delle edizioni orig. 461 1$1001CFI0165204$12001 $aFilosofia del linguaggio normativo$fAmedeo G. Conte$v1 606 $aLogica deontica$2FIR$3CFIC055326$9E 606 $aFilosofia del linguaggio$2FIR$3CFIC002019$9E 676 $a149.94$9FILOSOFIE LINGUISTICHE$v21 700 1$aConte$b, Amedeo Giovanni$3CFIV095496$4070$0514534 790 1$aConte$b, Amedeo G.$3SBNV008723$zConte, Amedeo Giovanni 801 3$aIT$bIT-000000$c20191212 850 $aIT-BN0095 912 $aCFI0165205 950 2$aBiblioteca Centralizzata di Ateneo$c1 v.$d 01D (AR) 9 189$e 01AR 0070091895 VMA 1 v.$fY $h20160129$i20160129 977 $a 01 996 $a1$91571475 997 $aUNISANNIO